| 000 | 00743nam a2200277 a 4500 | ||
|---|---|---|---|
| 003 | AR-BaBNM | ||
| 005 | 20251128203656.0 | ||
| 008 | 082120s2002 ||||||||||||||000 | spa|| | ||
| 040 | _cAR-BaBNM | ||
| 100 | 1 | _aMonjardin, María Adela L. de | |
| 245 | 0 | 0 | _aObservación, práctica y crítica en la escuela normal Argentina |
| 250 | _a1ª ed. | ||
| 260 |
_aBuenos Aires _bEl Ateneo _c1946 |
||
| 300 |
_a475 p. _btablas |
||
| 650 | 4 | _aESCUELAS NORMALES | |
| 650 | 4 | _aPLANES DE CLASE | |
| 650 | 4 | _aPLAN DE ESTUDIOS | |
| 650 | 4 | _aREFORMA DE LA EDUCACION | |
| 650 | 4 | _aDIDACTICA | |
| 650 | 4 | _aPRACTICA DOCENTE | |
| 650 | 4 | _aMETODO GLOBAL | |
| 651 | 4 | _aArgentina | |
| 653 | _aEDUCACION SECUNDARIA | ||
| 942 | _cBK | ||
| 998 | _cCarmen | ||
| 999 |
_c4438 _d4438 |
||